Examining writing research and practice in assessing second language writing
Salvato in:
| Autore principale: | |
|---|---|
| Altri autori: | |
| Natura: | Libro |
| Lingua: | inglese |
| Pubblicazione: |
Cambridge
Cambridge University Press
2007
|
| Serie: | Studies in language testing
26 |
| Soggetti: | |
| Tags: |
Nessun Tag, puoi essere il primo ad aggiungerne!!
|
MARC
| LEADER | 00000nam a2200000 4500 | ||
|---|---|---|---|
| 001 | 0193622 | ||
| 005 | 20240229075141.3 | ||
| 020 | |a 978-0-521-69293-9 | ||
| 041 | 0 | |a eng | |
| 044 | |a GB | ||
| 245 | 1 | 0 | |a Examining writing |b research and practice in assessing second language writing |c Stuart D. Shaw, Cyril J. Weir |
| 264 | 1 | |a Cambridge |b Cambridge University Press |c 2007 | |
| 300 | |a 344 s. | ||
| 490 | 1 | |a Studies in language testing |v 26 | |
| 830 | 0 | |a Studies in language testing |v 26 | |
| 610 | 2 | 0 | |a jazykoveda |
| 610 | 2 | 0 | |a vzdelávanie |
| 610 | 2 | 0 | |a vyučovanie |
| 610 | 2 | 0 | |a schopnosti pracovné |
| 610 | 2 | 0 | |a rétorika |
| 610 | 2 | 0 | |a testy |
| 100 | 1 | |a Shaw, Stuart D. | |
| 700 | 1 | |a Weir, Cyril J. | |